Central Library OPAC University of Rajshahi

What happened in history / (Record no. 55344)

MARC details
000 -LEADER
fixed length control field 00752nam a2200241 a 4500
001 - CONTROL NUMBER
control field 55344
003 - CONTROL NUMBER IDENTIFIER
rucl marc code BD-RjUL
005 - DATE AND TIME OF LATEST TRANSACTION
control field 20211209080242.0
008 - FIXED-LENGTH DATA ELEMENTS--GENERAL INFORMATION
fixed length control field 161115s1960 nyuc 000 0 eng
035 ## - SYSTEM CONTROL NUMBER
System control number (BD-RjUL)55466
040 ## - CATALOGING SOURCE
Original cataloging agency DLC
Modifying agency BD-RjUL
-- DLC
Language of cataloging eng
Transcribing agency BD-RjUL
041 ## - LANGUAGE CODE
Language code of text/sound track or separate title eng
082 ## - DEWEY DECIMAL CLASSIFICATION NUMBER
Edition number 23
Classification number 901.9
Author mark and year CHW 1960
100 1# - MAIN ENTRY--PERSONAL NAME
Personal name Childe, V. Gordon
Fuller form of name (Vere Gordon),
Dates associated with a name 1892-1957.
9 (RLIN) 164873
245 10 - TITLE STATEMENT
Title What happened in history /
Statement of responsibility, etc. by Gordon Childe.
260 ## - PUBLICATION, DISTRIBUTION, ETC. (IMPRINT)
Place of publication, distribution, etc. London :
Name of publisher, distributor, etc. Max Parrish,
Date of publication, distribution, etc. 1960.
300 ## - PHYSICAL DESCRIPTION
Pagination 150 p. :
Illustrations ill. ;
Size 18 cm.
500 ## - GENERAL NOTE
General note "First published December 1942. Reprinted 1943."
650 #0 - SUBJECT ADDED ENTRY--TOPICAL TERM
Topical term or geographic name as entry element Civilization, Ancient.
9 (RLIN) 151764
Topical term or geographic name as entry element History, Ancient.
9 (RLIN) 164874
Topical term or geographic name as entry element Prehistoric peoples.
9 (RLIN) 164875
942 ## - ADDED ENTRY ELEMENTS (KOHA)
Source of classification or shelving scheme Dewey Decimal Classification
Koha item type Books
Holdings
Lost status Source of classification or shelving scheme Damaged status Not for loan Collection code Permanent Location Current Location Shelving location Date acquired Source of acquisition Cost, normal purchase price Total Checkouts Full call number Date last seen Copy number Koha item type
  Dewey Decimal Classification     Non-fiction Central Library, University of Rajshahi Central Library, University of Rajshahi   25/04/1965 Zeitlinger 30.00   901.9 CHW 1960 16/11/2016 C-2 Books